[Event "Amateur´s Spirit"]
[Site "SchemingMind.com"]
[Date "2025.02.15"]
[Round "-"]
[White "Chessibelle"]
[Black "Henk Miedema"]
[Result "*"]
[WhiteCountry "ENG"]
[BlackCountry "NED"]
[WhiteElo "977"]
[WhiteRD "62"]
[BlackElo "761"]
[BlackRD "90"]
[GameID "751702"]

1. Nf3 Nf6 2. h3 Nc6 3. d4 e6 4. Nc3 Bb4 5. Bd2 O-O 6. e3 d6 7. Nh2 Bxc3 8. Bxc3 Ne4 9. Bd2 e5 10. Bc1 Qf6
11. f3 Ng3 12. Rg1 Bf5 13. c3 Qg6 14. Bd2 Bc2 15. Qc1 Bd3 16. Kd1 Ne7 17. f4 Bxf1 18. Nxf1 Qh5+ 19. Kc2 Ne4 20. b3 Qe2
21. b4 Qf2 22. Nh2 Nxd2 23. Qxd2 Qxd2+ 24. Kxd2
*

[Event "Amateur´s Spirit"]
[Site "SchemingMind.com"]
[Date "2025.02.14"]
[Round "-"]
[White "Henk Miedema"]
[Black "Chessibelle"]
[Result "*"]
[WhiteCountry "NED"]
[BlackCountry "ENG"]
[WhiteElo "761"]
[WhiteRD "90"]
[BlackElo "977"]
[BlackRD "62"]
[GameID "751703"]

1. Nc3 a6 2. e4 e5 3. Bc4 Nf6 4. Nf3 h6 5. Qe2 c5 6. Bxf7+ Kxf7 7. Qc4+ Ke7 8. Nxe5 d5 9. Qe2 Be6 10. Ng6+ Kd6
11. Nxh8 Qe8 12. Qe3 g5 13. e5+ Ke7 14. Qd3 Kd7 15. exf6 Bd6 16. Qh7+ Kc6 17. Qxh6 Bf8 18. Qxg5 Nd7 19. Qf4 Bd6 20. Qf3 Qxh8
21. Na4 b5
*

[Event "Amateur´s Spirit"]
[Site "SchemingMind.com"]
[Date "2025.02.14"]
[Round "-"]
[White "Henk Miedema"]
[Black "Robert Hatfield"]
[Result "*"]
[WhiteCountry "NED"]
[BlackCountry "USA"]
[WhiteElo "761"]
[WhiteRD "90"]
[BlackElo "1707"]
[BlackRD "58"]
[GameID "751704"]

1. Nc3 d5 2. e3 e5 3. d4 e4 4. Bb5+ c6 5. Be2 Nf6 6. Qd2 Bd6 7. Bd1 O-O 8. Be2 Bg4 9. Qd1 Bxe2 10. Qxe2 Nbd7
11. Qd2 b5 12. Nge2 a5 13. O-O Qb6 14. Qe1 Ng4 15. f4
*

[Event "Amateur´s Spirit"]
[Site "SchemingMind.com"]
[Date "2025.02.15"]
[Round "-"]
[White "Robert Hatfield"]
[Black "Henk Miedema"]
[Result "*"]
[WhiteCountry "USA"]
[BlackCountry "NED"]
[WhiteElo "1707"]
[WhiteRD "58"]
[BlackElo "761"]
[BlackRD "90"]
[GameID "751705"]

1. e4 e5 2. Nf3 Nf6 3. Nxe5 Nxe4 4. d4 Qf6 5. Be3 Bd6 6. Nf3 O-O 7. Bd3 Qf5 8. Nc3 Qg4 9. Nxe4 Qxg2 10. Rg1 Qh3
11. Nxd6 cxd6 12. d5 Qh5 13. c4 b6 14. Rg5 Qh3 15. Be2 h6
*

[Event "Amateur´s Spirit"]
[Site "SchemingMind.com"]
[Date "2025.02.15"]
[Round "-"]
[White "Henk Miedema"]
[Black "Stephen Dunning"]
[Result "*"]
[WhiteCountry "NED"]
[BlackCountry "WLS"]
[WhiteElo "761"]
[WhiteRD "90"]
[BlackElo "2041"]
[BlackRD "76"]
[GameID "751706"]

1. Nc3 d5 2. d4 Nf6 3. e3 e6 4. Bb5+ Bd7 5. Nf3 a6 6. Be2 Bd6 7. O-O O-O 8. Bd3 c5 9. Ne2 c4 10. Ne1 cxd3
11. Nxd3 Bb5 12. Nc3 Qb6 13. Qe2 Bxd3 14. Qxd3 Qc7 15. Bd2 Bxh2+ 16. Kh1 Bd6 17. a3 Nbd7 18. Nb1 Rac8 19. Be1 Qxc2 20. b4 Qxd3
21. Rg1 Qe4
*

[Event "Amateur´s Spirit"]
[Site "SchemingMind.com"]
[Date "2025.02.15"]
[Round "-"]
[White "Stephen Dunning"]
[Black "Henk Miedema"]
[Result "*"]
[WhiteCountry "WLS"]
[BlackCountry "NED"]
[WhiteElo "2041"]
[WhiteRD "76"]
[BlackElo "761"]
[BlackRD "90"]
[GameID "751707"]

1. e4 e5 2. f4 Bd6 3. fxe5 Bxe5 4. Nf3 d6 5. Nxe5 dxe5 6. Bc4 Nf6 7. d3 Bg4 8. Qd2 Qd4 9. Qe3 Qd7 10. b3 Bh5
11. Ba3 Ng4 12. Qg5 g6 13. h3 Ne3 14. Qxe5+ Kd8 15. Qxh8+ Qe8 16. Qd4+ Nd7 17. Qxe3 Qe5 18. d4 Qe7 19. Bxe7+ Kxe7 20. g4 Re8
21. gxh5
*

[Event "Amateur´s Spirit"]
[Site "SchemingMind.com"]
[Date "2025.02.15"]
[Round "-"]
[White "Henk Miedema"]
[Black "Alencar"]
[Result "*"]
[WhiteCountry "NED"]
[BlackCountry "BRA"]
[WhiteElo "761"]
[WhiteRD "90"]
[BlackElo "1322"]
[BlackRD "72"]
[GameID "751708"]

1. Nc3 d5 2. d4 Nf6 3. e3 Ne4 4. Qf3 Nxc3 5. a3 a6 6. bxc3 Qd6 7. c4 c6 8. c5 Qf6 9. Qg3 Qg6 10. Qc7 Qd6
11. Qxc8+ Qd8 12. Qxd8+ Kxd8 13. Bd2 Nd7
*

[Event "Amateur´s Spirit"]
[Site "SchemingMind.com"]
[Date "2025.02.15"]
[Round "-"]
[White "Alencar"]
[Black "Henk Miedema"]
[Result "*"]
[WhiteCountry "BRA"]
[BlackCountry "NED"]
[WhiteElo "1322"]
[WhiteRD "72"]
[BlackElo "761"]
[BlackRD "90"]
[GameID "751709"]

1. d4 d5 2. Nf3 e6 3. Ne5 Nf6 4. e3 Bd6 5. h3 O-O 6. Nc3 Bxe5 7. dxe5 Ne4 8. Nxe4 Nc6 9. Nc3 Nxe5 10. e4 dxe4
11. Qxd8 Rxd8 12. Bf4 Nc6 13. Bxc7 Rd7 14. Bb5
*

[Event "Amateur´s Spirit"]
[Site "SchemingMind.com"]
[Date "2025.02.18"]
[Round "-"]
[White "Archon"]
[Black "wight knight"]
[Result "*"]
[WhiteCountry "CAN"]
[BlackCountry "ENG"]
[WhiteElo "1727"]
[WhiteRD "72"]
[BlackElo "1228"]
[BlackRD "64"]
[GameID "751756"]

1. d4 e6 2. c4 b6 3. Nc3 c6 4. e4 Bb4 5. a3 Bxc3+ 6. bxc3 Ba6 7. Nf3 f6 8. Bd3 b5 9. cxb5 cxb5 10. Qe2 Qa5
11. Bd2 Nc6 12. O-O Qc7 13. Bxb5 Bxb5 14. Qxb5 Rb8 15. Qd3 Na5 16. Rab1 Nb3 17. Be3 Na5 18. Rb4 Rxb4 19. axb4 Qc4 20. Qxc4 Nxc4
21. Bc1 Ne7 22. Bf4 Ng6 23. Ra1
*

[Event "Amateur´s Spirit"]
[Site "SchemingMind.com"]
[Date "2025.02.17"]
[Round "-"]
[White "wight knight"]
[Black "Archon"]
[Result "*"]
[WhiteCountry "ENG"]
[BlackCountry "CAN"]
[WhiteElo "1228"]
[WhiteRD "64"]
[BlackElo "1727"]
[BlackRD "72"]
[GameID "751757"]

1. e4 d6 2. Bc4 Nf6 3. f3 g6 4. c3 c6 5. Qb3 d5 6. exd5 cxd5 7. Bb5+ Nc6 8. Bxc6+ bxc6 9. Nh3 Bxh3 10. gxh3 Bg7
11. d4 O-O 12. Bg5 Nh5 13. Nd2 Qb6 14. Qxb6 axb6 15. Bxe7 Rfe8 16. O-O-O Rxe7 17. a3 Re2 18. Rhe1 Rae8 19. Rf1 Nf4 20. h4 Ng2
21. Rg1 Nxh4 22. Rg4 Rxh2
*

[Event "Amateur´s Spirit"]
[Site "SchemingMind.com"]
[Date "2025.02.18"]
[Round "-"]
[White "kenneth m day"]
[Black "wight knight"]
[Result "1-0"]
[WhiteCountry "USA"]
[BlackCountry "ENG"]
[WhiteElo "1694"]
[WhiteRD "54"]
[BlackElo "1228"]
[BlackRD "64"]
[GameID "751758"]

1. e4 e5 2. Nf3 f6 3. Bc4 Bc5 4. O-O d6 5. Nc3 Bg4 6. d3 Bxf3 7. Qxf3 g5 8. Qh5+ Kd7 9. Qg4+ Ke8 10. Qh5+ Kd7
11. Nd5 c6 12. Qg4+ Ke8 13. Qe6+ Ne7 14. Nxf6+ Kf8 15. Qf7#
1-0

[Event "Amateur´s Spirit"]
[Site "SchemingMind.com"]
[Date "2025.02.17"]
[Round "-"]
[White "wight knight"]
[Black "kenneth m day"]
[Result "*"]
[WhiteCountry "ENG"]
[BlackCountry "USA"]
[WhiteElo "1228"]
[WhiteRD "64"]
[BlackElo "1694"]
[BlackRD "54"]
[GameID "751759"]

1. e4 e5 2. Bc4 Nf6 3. f3 Bc5 4. d3 O-O 5. Bg5 d6 6. Bxf6 Qxf6 7. h4 Nc6 8. c3 a6 9. g4 Qf4 10. Qe2 Qg3+
11. Kd1 Be6 12. Bxe6 fxe6 13. b4 Bxg1 14. Nd2 Ba7 15. Nf1 Qxf3 16. Qxf3 Rxf3 17. Nh2 Rxd3+ 18. Kc2
*

[Event "Amateur´s Spirit"]
[Site "SchemingMind.com"]
[Date "2025.02.18"]
[Round "-"]
[White "Chessibelle"]
[Black "wight knight"]
[Result "*"]
[WhiteCountry "ENG"]
[BlackCountry "ENG"]
[WhiteElo "977"]
[WhiteRD "62"]
[BlackElo "1228"]
[BlackRD "64"]
[GameID "751760"]

1. Nf3 f6 2. d4 e5 3. e3 Bb4+ 4. c3 Ba5 5. g3 b6 6. a3 Ba6 7. Bh3 g5 8. b4 e4 9. Nfd2 Bd3 10. bxa5 bxa5
11. Qh5+ Ke7 12. Qg4 h5 13. Qf5 g4 14. Bg2 Nh6 15. Qc5+ d6 16. Qd5 c6 17. Qb3 Qb6
*

[Event "Amateur´s Spirit"]
[Site "SchemingMind.com"]
[Date "2025.02.17"]
[Round "-"]
[White "wight knight"]
[Black "Chessibelle"]
[Result "*"]
[WhiteCountry "ENG"]
[BlackCountry "ENG"]
[WhiteElo "1228"]
[WhiteRD "64"]
[BlackElo "977"]
[BlackRD "62"]
[GameID "751761"]

1. e4 e5 2. Bc4 Nf6 3. d3 Be7 4. f3 g6 5. Bg5 c6 6. Bxf6 Bxf6 7. c3 d5 8. exd5 cxd5 9. Bb5+ Nd7 10. Bxd7+ Qxd7
11. Ne2 O-O 12. a4 a5 13. f4 d4 14. Na3 b6 15. Nb5 Qd5 16. Nc7 Qxg2 17. Rg1 Qb7 18. Nb5
*

[Event "Amateur´s Spirit"]
[Site "SchemingMind.com"]
[Date "2025.02.18"]
[Round "-"]
[White "wight knight"]
[Black "Henk Miedema"]
[Result "*"]
[WhiteCountry "ENG"]
[BlackCountry "NED"]
[WhiteElo "1228"]
[WhiteRD "64"]
[BlackElo "761"]
[BlackRD "90"]
[GameID "751762"]

1. e4 e5 2. Bc4 Qg5 3. Nf3 Qf6 4. d3 Qg6 5. O-O d6 6. Ng5 Nc6 7. Qf3 Nd4 8. Bxf7+ Ke7 9. Bxg6 Nxf3+ 10. gxf3 Bh3
11. Nxh3 hxg6 12. Ng5
*

[Event "Amateur´s Spirit"]
[Site "SchemingMind.com"]
[Date "2025.02.19"]
[Round "-"]
[White "Henk Miedema"]
[Black "wight knight"]
[Result "*"]
[WhiteCountry "NED"]
[BlackCountry "ENG"]
[WhiteElo "761"]
[WhiteRD "90"]
[BlackElo "1228"]
[BlackRD "64"]
[GameID "751763"]

1. d4 d5 2. e3 e6 3. Nf3 f6 4. Nc3 Bb4 5. a3 Bxc3+ 6. bxc3 b6 7. Bb5+ Bd7 8. Qe2 Bxb5 9. Qxb5+ Qd7 10. Qe2 a6
11. c4 b5
*

[Event "Amateur´s Spirit"]
[Site "SchemingMind.com"]
[Date "2025.02.17"]
[Round "-"]
[White "wight knight"]
[Black "Robert Hatfield"]
[Result "*"]
[WhiteCountry "ENG"]
[BlackCountry "USA"]
[WhiteElo "1228"]
[WhiteRD "64"]
[BlackElo "1707"]
[BlackRD "58"]
[GameID "751764"]

1. e4 e5 2. Bc4 Nf6 3. d3 Nc6 4. Bg5 Be7 5. Bxf6 Bxf6 6. Qf3 d6 7. g4 Nd4 8. Qd1 O-O 9. c3 Bxg4 10. f3 Bh4+
11. Kf1 Nxf3 12. h3 Nxg1 13. Qxg4 Qf6+ 14. Qf5 Qxf5+ 15. exf5 Nf3 16. Ke2
*

[Event "Amateur´s Spirit"]
[Site "SchemingMind.com"]
[Date "2025.02.18"]
[Round "-"]
[White "Robert Hatfield"]
[Black "wight knight"]
[Result "*"]
[WhiteCountry "USA"]
[BlackCountry "ENG"]
[WhiteElo "1707"]
[WhiteRD "58"]
[BlackElo "1228"]
[BlackRD "64"]
[GameID "751765"]

1. e4 e5 2. Nf3 f6 3. Nxe5 g6 4. Nf3 b5 5. Bxb5 Ba6 6. Bxa6 Nxa6 7. d4 Bh6 8. Bxh6 Nxh6 9. Qd2 O-O 10. Qxh6 Nb4
11. Qd2 a5 12. a3 Nc6 13. O-O g5 14. c4 g4 15. Nh4 f5
*

[Event "Amateur´s Spirit"]
[Site "SchemingMind.com"]
[Date "2025.02.17"]
[Round "-"]
[White "wight knight"]
[Black "Stephen Dunning"]
[Result "*"]
[WhiteCountry "ENG"]
[BlackCountry "WLS"]
[WhiteElo "1228"]
[WhiteRD "64"]
[BlackElo "2041"]
[BlackRD "76"]
[GameID "751766"]

1. e4 c6 2. Bc4 d5 3. exd5 cxd5 4. Bb5+ Bd7 5. Bxd7+ Nxd7 6. Nh3 e5 7. Qf3 Ngf6 8. O-O Be7 9. d3 O-O 10. Bg5 Qb6
11. Bxf6 Nxf6 12. Nc3 Rfd8 13. Ng5 h6 14. Na4 Qc6 15. Nc3 hxg5 16. a3
*

[Event "Amateur´s Spirit"]
[Site "SchemingMind.com"]
[Date "2025.02.18"]
[Round "-"]
[White "Stephen Dunning"]
[Black "wight knight"]
[Result "*"]
[WhiteCountry "WLS"]
[BlackCountry "ENG"]
[WhiteElo "2041"]
[WhiteRD "76"]
[BlackElo "1228"]
[BlackRD "64"]
[GameID "751767"]

1. c4 e5 2. Nc3 c6 3. Nf3 f6 4. d4 Bb4 5. Qc2 Bxc3+ 6. Qxc3 b5 7. dxe5 a5 8. cxb5 cxb5 9. exf6 Qxf6 10. Qxc8+ Kf7
11. Bg5 Qa6 12. Qxa6 Nxa6 13. e3 Nb4 14. Nd4 h6 15. Bf4 Nf6
*

[Event "Amateur´s Spirit"]
[Site "SchemingMind.com"]
[Date "2025.02.17"]
[Round "-"]
[White "wight knight"]
[Black "Alencar"]
[Result "*"]
[WhiteCountry "ENG"]
[BlackCountry "BRA"]
[WhiteElo "1228"]
[WhiteRD "64"]
[BlackElo "1322"]
[BlackRD "72"]
[GameID "751768"]

1. e4 d5 2. e5 f6 3. exf6 exf6 4. c3 d4 5. Qf3 Qd6 6. d3 Qe6+ 7. Ne2 dxc3 8. Nxc3 Bb4 9. a3 Bxc3+ 10. bxc3 Nc6
11. Qe3 Qxe3 12. fxe3
*

[Event "Amateur´s Spirit"]
[Site "SchemingMind.com"]
[Date "2025.02.18"]
[Round "-"]
[White "Alencar"]
[Black "wight knight"]
[Result "*"]
[WhiteCountry "BRA"]
[BlackCountry "ENG"]
[WhiteElo "1322"]
[WhiteRD "72"]
[BlackElo "1228"]
[BlackRD "64"]
[GameID "751769"]

1. d4 e6 2. d5 exd5 3. Qxd5 c6 4. Qe5+ Qe7 5. Qxe7+ Bxe7 6. e4 b5 7. e5 Ba6 8. a3 b4 9. Bxa6 Nxa6 10. axb4 Nxb4
11. Na3 h6 12. c3 Nd3+
*

[Event "Amateur´s Spirit"]
[Site "SchemingMind.com"]
[Date "2025.02.21"]
[Round "-"]
[White "roscoe"]
[Black "Archon"]
[Result "*"]
[WhiteCountry "USA"]
[BlackCountry "CAN"]
[WhiteElo "1142"]
[WhiteRD "120"]
[BlackElo "1727"]
[BlackRD "72"]
[GameID "751844"]

1. d4 Nf6 2. Nf3 g6 3. Bg5 Ne4 4. Be3 Bg7 5. Nc3 d5 6. Nxe4 dxe4 7. Ne5 Nd7 8. g3 Nxe5 9. dxe5 Qxd1+ 10. Kxd1 Bf5
11. a4 O-O-O+ 12. Kc1 Bxe5 13. c3 Kb8 14. Ra3 Rd7 15. h4 Rhd8 16. Bh3 Bxh3 17. Rxh3 Rd1+ 18. Kc2 Kc8 19. h5 Re1
*

[Event "Amateur´s Spirit"]
[Site "SchemingMind.com"]
[Date "2025.02.21"]
[Round "-"]
[White "Archon"]
[Black "roscoe"]
[Result "*"]
[WhiteCountry "CAN"]
[BlackCountry "USA"]
[WhiteElo "1727"]
[WhiteRD "72"]
[BlackElo "1142"]
[BlackRD "120"]
[GameID "751845"]

1. d4 d5 2. Nf3 h6 3. g3 Nf6 4. Bg2 Bg4 5. c4 c5 6. Nc3 cxd4 7. Nxd4 e6 8. Nf3 Bb4 9. Bd2 O-O 10. a3 Bxc3
11. Bxc3 a5 12. cxd5 exd5 13. Ne5 Nc6 14. Nxg4 Nxg4 15. e4 d4 16. Bxd4 Nxd4 17. O-O Re8 18. Qxg4 Rc8 19. Rad1
*

[Event "Amateur´s Spirit"]
[Site "SchemingMind.com"]
[Date "2025.02.20"]
[Round "-"]
[White "roscoe"]
[Black "kenneth m day"]
[Result "*"]
[WhiteCountry "USA"]
[BlackCountry "USA"]
[WhiteElo "1142"]
[WhiteRD "120"]
[BlackElo "1694"]
[BlackRD "54"]
[GameID "751846"]

1. d4 Nf6 2. Nc3 d5 3. h3 g6 4. Nf3 Bg7 5. e3 O-O 6. Bd3 Nbd7 7. O-O a6 8. Re1 c5 9. dxc5 Nxc5 10. b4 Nxd3
11. cxd3 Re8 12. d4 b5 13. Ne5 Bb7 14. f3 Nd7 15. Nxd7 Qxd7 16. Bb2
*

[Event "Amateur´s Spirit"]
[Site "SchemingMind.com"]
[Date "2025.02.21"]
[Round "-"]
[White "kenneth m day"]
[Black "roscoe"]
[Result "*"]
[WhiteCountry "USA"]
[BlackCountry "USA"]
[WhiteElo "1694"]
[WhiteRD "54"]
[BlackElo "1142"]
[BlackRD "120"]
[GameID "751847"]

1. e4 a6 2. Nf3 Nc6 3. d4 e6 4. Nc3 d5 5. e5 f6 6. Be2 Be7 7. O-O Bb4 8. Bd2 Nh6 9. a3 Bxc3 10. Bxc3 O-O
11. Bd2 b6 12. exf6 Rxf6
*

[Event "Amateur´s Spirit"]
[Site "SchemingMind.com"]
[Date "2025.02.20"]
[Round "-"]
[White "roscoe"]
[Black "Chessibelle"]
[Result "*"]
[WhiteCountry "USA"]
[BlackCountry "ENG"]
[WhiteElo "1142"]
[WhiteRD "120"]
[BlackElo "977"]
[BlackRD "62"]
[GameID "751848"]

1. d4 d5 2. h3 Nf6 3. Nf3 h6 4. Nc3 Bd7 5. e3 c6 6. Ne5 Bc8 7. Bd3 a6 8. O-O e6 9. a3 Be7 10. e4 Nbd7
11. exd5 exd5 12. Nxf7 Kxf7 13. Re1 b5 14. b4 g5 15. f3 Bd6 16. Ne2 Bc7 17. Bf5 Qe7 18. Bb2 Qd6 19. g3 Bb7
*

[Event "Amateur´s Spirit"]
[Site "SchemingMind.com"]
[Date "2025.02.21"]
[Round "-"]
[White "Chessibelle"]
[Black "roscoe"]
[Result "*"]
[WhiteCountry "ENG"]
[BlackCountry "USA"]
[WhiteElo "977"]
[WhiteRD "62"]
[BlackElo "1142"]
[BlackRD "120"]
[GameID "751849"]

1. Nf3 d5 2. d4 h6 3. g3 Nf6 4. Nc3 Bg4 5. e3 Nc6 6. Be2 e6 7. Bd2 Bd6 8. a3 O-O 9. Na2 e5 10. c3 e4
11. b4 exf3 12. Bxf3 Bxf3 13. Qxf3 b5 14. O-O-O a5 15. Qe2 Qb8 16. f4 Ne4 17. Be1 axb4 18. axb4 Qa7 19. Kb1
*

[Event "Amateur´s Spirit"]
[Site "SchemingMind.com"]
[Date "2025.02.21"]
[Round "-"]
[White "roscoe"]
[Black "wight knight"]
[Result "*"]
[WhiteCountry "USA"]
[BlackCountry "ENG"]
[WhiteElo "1142"]
[WhiteRD "120"]
[BlackElo "1228"]
[BlackRD "64"]
[GameID "751850"]

1. d4 e6 2. a3 c5 3. Nf3 f6 4. Nc3 g5 5. e4 b6 6. g3 Bh6 7. g4 Ba6 8. Bxa6 Nxa6 9. O-O cxd4 10. Nxd4 e5
11. Nf5 Nc5 12. Nd6+ Kf8
*

[Event "Amateur´s Spirit"]
[Site "SchemingMind.com"]
[Date "2025.02.21"]
[Round "-"]
[White "wight knight"]
[Black "roscoe"]
[Result "*"]
[WhiteCountry "ENG"]
[BlackCountry "USA"]
[WhiteElo "1228"]
[WhiteRD "64"]
[BlackElo "1142"]
[BlackRD "120"]
[GameID "751851"]

1. e4 a6 2. Bc4 e6 3. b3 Nc6 4. c3 b5 5. Be2 Bb7 6. Ba3 Bxa3 7. Nxa3 Nf6 8. c4 O-O 9. cxb5 axb5 10. Nxb5 Nxe4
11. Bf3 d5 12. Bxe4
*

[Event "Amateur´s Spirit"]
[Site "SchemingMind.com"]
[Date "2025.02.23"]
[Round "-"]
[White "roscoe"]
[Black "Henk Miedema"]
[Result "*"]
[WhiteCountry "USA"]
[BlackCountry "NED"]
[WhiteElo "1142"]
[WhiteRD "120"]
[BlackElo "761"]
[BlackRD "90"]
[GameID "751852"]

1. d4 Nf6 2. Nf3 d6 3. h3 Bf5 4. Qd2 e6 5. Nc3 Nc6 6. e3 Nb4 7. Bd3 d5 8. O-O Bd6 9. Bxf5 O-O 10. a3 c6
11. axb4 Qb6 12. Ne5 Qxb4
*

[Event "Amateur´s Spirit"]
[Site "SchemingMind.com"]
[Date "2025.02.24"]
[Round "-"]
[White "Henk Miedema"]
[Black "roscoe"]
[Result "*"]
[WhiteCountry "NED"]
[BlackCountry "USA"]
[WhiteElo "761"]
[WhiteRD "90"]
[BlackElo "1142"]
[BlackRD "120"]
[GameID "751853"]

1. Nf3 d5 2. d4 h6 3. e3 a6 4. c3 b5 5. Be2 Nc6 6. Nh4 e5 7. Nf3 e4 8. Ne5 Nxe5 9. dxe5 Be6 10. O-O Bc5
11. b4 Bb6 12. Bxb5+
*

[Event "Amateur´s Spirit"]
[Site "SchemingMind.com"]
[Date "2025.02.21"]
[Round "-"]
[White "roscoe"]
[Black "Robert Hatfield"]
[Result "*"]
[WhiteCountry "USA"]
[BlackCountry "USA"]
[WhiteElo "1142"]
[WhiteRD "120"]
[BlackElo "1707"]
[BlackRD "58"]
[GameID "751854"]

1. d4 Nf6 2. Nf3 d5 3. h3 g6 4. Nc3 Bg7 5. Bg5 O-O 6. e3 c6 7. Bxf6 exf6 8. Bd3 Be6 9. Qe2 Nd7 10. O-O c5
11. b3 Nb6 12. dxc5 Nd7 13. Nd4 Nxc5 14. Nxe6 fxe6
*

[Event "Amateur´s Spirit"]
[Site "SchemingMind.com"]
[Date "2025.02.21"]
[Round "-"]
[White "Robert Hatfield"]
[Black "roscoe"]
[Result "*"]
[WhiteCountry "USA"]
[BlackCountry "USA"]
[WhiteElo "1707"]
[WhiteRD "58"]
[BlackElo "1142"]
[BlackRD "120"]
[GameID "751855"]

1. e4 a6 2. d4 d5 3. exd5 h6 4. c4 e6 5. dxe6 Bxe6 6. Nf3 Bb4+ 7. Bd2 a5 8. Be2 Nf6 9. O-O O-O 10. Nc3 c6
11. Rc1 Bxc3 12. Bxc3 Na6 13. Qc2 Qd7 14. Rfd1
*

[Event "Amateur´s Spirit"]
[Site "SchemingMind.com"]
[Date "2025.02.21"]
[Round "-"]
[White "roscoe"]
[Black "Stephen Dunning"]
[Result "*"]
[WhiteCountry "USA"]
[BlackCountry "WLS"]
[WhiteElo "1142"]
[WhiteRD "120"]
[BlackElo "2041"]
[BlackRD "76"]
[GameID "751856"]

1. d4 Nf6 2. Nf3 e6 3. a3 d5 4. Nc3 c5 5. dxc5 Bxc5 6. e3 O-O 7. b4 Bb6 8. Bb2 Nc6 9. Bb5 Bd7 10. O-O a6
11. Bxc6 Bxc6 12. Ne5 Rc8 13. Nxc6 Rxc6 14. Re1 Qd6 15. b5
*

[Event "Amateur´s Spirit"]
[Site "SchemingMind.com"]
[Date "2025.02.21"]
[Round "-"]
[White "Stephen Dunning"]
[Black "roscoe"]
[Result "*"]
[WhiteCountry "WLS"]
[BlackCountry "USA"]
[WhiteElo "2041"]
[WhiteRD "76"]
[BlackElo "1142"]
[BlackRD "120"]
[GameID "751857"]

1. e4 a6 2. d4 d5 3. exd5 h6 4. Nc3 Nf6 5. Bc4 e6 6. dxe6 fxe6 7. Nf3 Nc6 8. O-O b5 9. Bb3 Bd6 10. Re1 O-O
11. Bxe6+ Bxe6 12. Rxe6 Qd7 13. Re2 b4 14. Ne4 Nxe4 15. Rxe4 Rae8 16. Rxe8
*

[Event "Amateur´s Spirit"]
[Site "SchemingMind.com"]
[Date "2025.02.21"]
[Round "-"]
[White "roscoe"]
[Black "Alencar"]
[Result "*"]
[WhiteCountry "USA"]
[BlackCountry "BRA"]
[WhiteElo "1142"]
[WhiteRD "120"]
[BlackElo "1322"]
[BlackRD "72"]
[GameID "751858"]

1. d4 d5 2. h3 Nc6 3. Nf3 Nf6 4. Nc3 Ne4 5. Nxe4 dxe4 6. Ne5 Nxe5 7. dxe5 Qxd1+ 8. Kxd1 f6 9. exf6 exf6 10. a3 f5
11. e3 Bd6 12. Bd2 a6
*

[Event "Amateur´s Spirit"]
[Site "SchemingMind.com"]
[Date "2025.02.21"]
[Round "-"]
[White "Alencar"]
[Black "roscoe"]
[Result "*"]
[WhiteCountry "BRA"]
[BlackCountry "USA"]
[WhiteElo "1322"]
[WhiteRD "72"]
[BlackElo "1142"]
[BlackRD "120"]
[GameID "751859"]

1. d4 h6 2. d5 Nf6 3. Nc3 d6 4. Nf3 c6 5. dxc6 bxc6 6. e4 e5 7. Be3 Nbd7 8. Bd3 Be7 9. h3 O-O 10. a4 Qa5
11. O-O d5 12. exd5
*

[Event "Amateur´s Spirit"]
[Site "SchemingMind.com"]
[Date "2025.02.22"]
[Round "-"]
[White "roscoe"]
[Black "Mariano51"]
[Result "*"]
[WhiteCountry "USA"]
[BlackCountry "CUB"]
[WhiteElo "1142"]
[WhiteRD "120"]
[BlackElo "2133"]
[BlackRD "86"]
[GameID "751953"]

1. d4 Nf6 2. Nc3 d5 3. h3 c5 4. Nf3 cxd4 5. Nxd4 e5 6. Ndb5 d4 7. e4 a6 8. Na3 dxc3 9. Qxd8+ Kxd8 10. Bd3 Bxa3
11. bxa3 Be6 12. O-O Nc6 13. Be3 Nd7
*

[Event "Amateur´s Spirit"]
[Site "SchemingMind.com"]
[Date "2025.02.23"]
[Round "-"]
[White "Mariano51"]
[Black "roscoe"]
[Result "*"]
[WhiteCountry "CUB"]
[BlackCountry "USA"]
[WhiteElo "2133"]
[WhiteRD "86"]
[BlackElo "1142"]
[BlackRD "120"]
[GameID "751954"]

1. e4 e5 2. Nf3 Nc6 3. Bc4 Qe7 4. O-O Nf6 5. Nc3 d6 6. h3 Be6 7. Bb3 Bxb3 8. axb3 g6 9. d4 Bg7 10. Bg5 O-O
11. Nd5 Qd8 12. Nh2 Qd7 13. Nxf6+
*

[Event "Amateur´s Spirit"]
[Site "SchemingMind.com"]
[Date "2025.02.23"]
[Round "-"]
[White "Archon"]
[Black "Mariano51"]
[Result "*"]
[WhiteCountry "CAN"]
[BlackCountry "CUB"]
[WhiteElo "1727"]
[WhiteRD "72"]
[BlackElo "2133"]
[BlackRD "86"]
[GameID "751955"]

1. d4 Nf6 2. Nf3 d5 3. g3 Bf5 4. Bg2 e6 5. O-O h6 6. c4 c6 7. Nc3 Be7 8. e3 O-O 9. b3 Nbd7 10. Bb2 a5
11. cxd5 exd5 12. Qd2 Re8 13. Rac1 Ne4 14. Nxe4 dxe4 15. Ne1 Nf6 16. Nc2 Qd7 17. Na3 Bxa3 18. Bxa3 Bh3 19. Bc5 Nh7 20. Rfd1 Bxg2
21. Kxg2
*

[Event "Amateur´s Spirit"]
[Site "SchemingMind.com"]
[Date "2025.02.22"]
[Round "-"]
[White "Mariano51"]
[Black "Archon"]
[Result "1-0"]
[WhiteCountry "CUB"]
[BlackCountry "CAN"]
[WhiteElo "2133"]
[WhiteRD "86"]
[BlackElo "1727"]
[BlackRD "72"]
[GameID "751956"]

1. e4 c6 2. d4 d5 3. Nd2 dxe4 4. Nxe4 Nf6 5. Nxf6+ exf6 6. c3 Be7 7. Bd3 Be6 8. Ne2 Nd7 9. Nf4 O-O 10. Nxe6 fxe6
11. Bc4 c5 12. Bxe6+ Kh8 13. O-O cxd4 14. cxd4 Nb6 15. Qh5 Qe8 16. Qh3 Qg6 17. Bf5
1-0

[Event "Amateur´s Spirit"]
[Site "SchemingMind.com"]
[Date "2025.02.22"]
[Round "-"]
[White "kenneth m day"]
[Black "Mariano51"]
[Result "*"]
[WhiteCountry "USA"]
[BlackCountry "CUB"]
[WhiteElo "1694"]
[WhiteRD "54"]
[BlackElo "2133"]
[BlackRD "86"]
[GameID "751957"]

1. e4 e5 2. Nf3 Nc6 3. c3 d5 4. Qa4 f6 5. d3 Ne7 6. Be2 Be6 7. O-O g5 8. exd5 Nxd5 9. Nbd2 g4 10. Ne1 Qd7
11. Ne4 O-O-O 12. Be3 Kb8 13. Bc5 Nf4
*